000 00636cam a2200229ua 4500
001 654
005 20260515113214.0
008 110412n ii |||gr||||Z||||||eng
020 _a81-200-0261-x
020 _a81-200-0262-8
020 _a81-200-0263-6
040 _cMAIN
082 _a342.54
245 _aConstitution of India. :
_b2 volumes. /
_cBy Mangal Chandra Jain Kagzi.
250 _a5th.
260 _aNew Delhi.:
_bMetropolitan book co private ltd.,988.
300 _axIviii, 763 p.:
_c22 cm.
653 _aPolitical science.
653 _aConstitution of India.
700 _aKazgi, Mangal Chandra Jain.,
942 _cBK
999 _c583
_d583